Представление документа в формате MARC21

Поле Инд. ПП Название Значение
Тип записи a
Библиографический уровень m
001 Контрольный номер RU/IS/BASE/299693691
005 Дата корректировки 20140703175758.2
020 a ISBN 978-5-17-047443-1 (АСТ)
a ISBN 978-5-271-17991-4 (Астрель)
a ISBN 978-985-16-3726-9 (Харвест)
040 a Служба первич. каталог. НБ ТвГУ
b Код языка каталог. rus
e Правила каталог. PSBO
041 0_ a Код языка текста rus
080 a Индекс УДК 821.161.1-2
084 a Индекс другой классификации/Индекс ББК Ш6(2=411.2)6-6
090 a Полочн. индекс Ш6(2=411.2)
x Авторский знак Л 61
100 1_ a Автор Липскеров Дмитрий Михайлович
q Полное имя Липскеров Д. М.
245 10 a Заглавие Школа для эмигрантов
b Продолж. заглавия пьесы
260 a Место издания Москва
b Издательство АСТ
b Издательство Астрель
c Дата издания 2008
300 a Объем 334, [2] с.
653 a Ключевые слова Художественная
920 a Оператор Густ
930 a Новая/Ретро художественная
952 c Вид литературы К рх
954 a Дата поступления на обработку 20090811